000 00541nam a2200193 a 4500
001 1771568782743
003 YourLibrary
005 20260220115750.0
008 260220s2005##################000#0#eng##
020 _a9780415381505
082 0 4 _a338.0952
_bHIR
100 1 _aHirschmeier, Johannes,
_eauthor.
245 1 0 _aThe Development of Japanese Business, 1600-1973 :
260 _bTaylor & Francis US,
_c2005.
300 _a352 pages
650 0 _aBusiness & Economics.
942 _cENGLISH
040 _aYourLibrary
_beng
_cYourLibrary
999 _c614094
_d614094